|
|
|
|
| LEADER |
00858nam a2200181 a 4500 |
| 008 |
100603s2005 bg 000 0 ben d |
| 020 |
|
|
|a 9844590760
|
| 040 |
|
|
|a DB-DhAAL
|c DB-DhAAL
|
| 082 |
0 |
0 |
|a 345.5492052
|2 22
|
| 100 |
1 |
|
|a আলমগীর, মহীউদ্দীন খান
|
| 245 |
1 |
0 |
|a হায় পুলিশ :
|b হায়রে ম্যাজিস্ট্রেসী! /
|c মহীউদ্দীন খান আলমগীর
|
| 260 |
|
|
|a ঢাকা :
|b সুবর্ণ,
|c ২০০৫
|
| 300 |
|
|
|a ৭৯ পৃ. ;
|c ২২ সে.মি.
|
| 541 |
1 |
|
|e 00020062
|
| 650 |
|
0 |
|a Police
|z Bangladesh
|
| 852 |
4 |
|
|a Ayesha Abed Library
|j General Shelf.
|
| 999 |
|
|
|c 8802
|d 8802
|
| 952 |
|
|
|0 0
|1 0
|2 ddc
|4 0
|6 345_549205200000000_ALA_2005
|7 0
|9 10669
|a BRACUL
|b BRACUL
|c GEN
|d 2010-06-03
|l 4
|m 78
|o 345.5492052 ALA
|p 3010020062
|r 2024-01-28
|s 2022-11-06
|t 1
|w 2010-06-03
|y BK
|